[Event "World Chess Olympiad 2018"]
[Site "Batumi"]
[Date "2018.09.25"]
[Round "2"]
[Board "3"]
[WhiteFideId "105309"]
[White "Peralta Fernando"]
[BlackFideId "5105439"]
[Black "Dominguez Aguilar Guillermo"]
[Result "1-0"]
[LiveChessVersion "1.4.8"]
[BlackElo "2324"]
[WhiteElo "2569"]

1. d4 {[%clk 1:30:57]} Nf6 {[%clk 1:30:39]} 2. c4 {[%clk 1:31:22]} e6
{[%clk 1:30:02]} 3. Nc3 {[%clk 1:31:45]} Bb4 {[%clk 1:29:35]} 4. e3
{[%clk 1:31:55]} c5 {[%clk 1:28:54]} 5. Nge2 {[%clk 1:28:46]} b6 {[%clk 1:24:16]}
6. a3 {[%clk 1:28:51]} Ba5 {[%clk 1:24:27]} 7. Rb1 {[%clk 1:29:13]} Na6
{[%clk 1:23:02]} 8. Ng3 {[%clk 1:26:40]} Bb7 {[%clk 1:20:12]} 9. f3
{[%clk 1:25:53]} O-O {[%clk 1:15:54]} 10. Bd3 {[%clk 1:25:36]} cxd4
{[%clk 1:12:30]} 11. exd4 {[%clk 1:22:41]} Bxc3+ {[%clk 1:12:11]} 12. bxc3
{[%clk 1:23:08]} d5 {[%clk 1:11:14]} 13. cxd5 {[%clk 1:14:56]} Nxd5
{[%clk 1:10:22]} 14. Qd2 {[%clk 1:14:07]} f5 {[%clk 0:49:38]} 15. O-O
{[%clk 1:01:29]} Nac7 {[%clk 0:47:51]} 16. c4 {[%clk 0:59:48]} Ne7
{[%clk 0:48:03]} 17. Bb2 {[%clk 0:59:56]} Ng6 {[%clk 0:46:27]} 18. Rfe1
{[%clk 0:52:24]} Nh4 {[%clk 0:21:00]} 19. d5 {[%clk 0:47:17]} exd5
{[%clk 0:17:18]} 20. cxd5 {[%clk 0:47:21]} Bxd5 {[%clk 0:14:02]} 21. Rbd1
{[%clk 0:45:07]} f4 {[%clk 0:11:17]} 22. Qc3 {[%clk 0:33:26]} Rf7
{[%clk 0:04:23]} 23. Nf5 {[%clk 0:31:38]} Nxf5 {[%clk 0:01:34]} 24. Bxf5
{[%clk 0:32:00]} Qf8 {[%clk 0:01:56]} 25. Re5 {[%clk 0:27:09]} Rd8
{[%clk 0:01:36]} 26. Qd3 {[%clk 0:19:13]} g6 {[%clk 0:00:58]} 27. Bg4
{[%clk 0:11:43]} Qc5+ {[%clk 0:01:19]} 28. Kh1 {[%clk 0:10:59]} b5
{[%clk 0:01:12]} 29. h4 {[%clk 0:08:22]} Kf8 {[%clk 0:01:34]} 30. Bc3
{[%clk 0:05:20]} Kg8 {[%clk 0:01:27]} 31. Ba5 {[%clk 0:04:40]} Re7
{[%clk 0:01:02]} 32. Bxc7 {[%clk 0:03:13]} 1-0

[Event "World Chess Olympiad 2018"]
[Site "Batumi"]
[Date "2018.09.25"]
[Round "2"]
[Board "4"]
[WhiteFideId "5114241"]
[White "Tello Chavez Isaac Valent"]
[BlackFideId "117927"]
[Black "Perez Ponsa Federico"]
[Result "1/2-1/2"]
[LiveChessVersion "1.4.8"]
[BlackElo "2548"]
[WhiteElo "2319"]

1. d4 {[%clk 1:30:53]} d5 {[%clk 1:30:53]} 2. Bf4 {[%clk 1:31:07]} Nf6
{[%clk 1:31:02]} 3. e3 {[%clk 1:31:13]} e6 {[%clk 1:31:19]} 4. Bd3
{[%clk 1:30:54]} Bd6 {[%clk 1:31:19]} 5. Bg3 {[%clk 1:31:08]} O-O
{[%clk 1:31:26]} 6. Nd2 {[%clk 1:29:52]} c5 {[%clk 1:31:22]} 7. c3
{[%clk 1:29:55]} Qc7 {[%clk 1:27:53]} 8. dxc5 {[%clk 1:21:18]} Qxc5
{[%clk 1:28:16]} 9. Ngf3 {[%clk 1:21:40]} Nbd7 {[%clk 1:27:39]} 10. e4
{[%clk 1:20:37]} dxe4 {[%clk 1:24:52]} 11. Nxe4 {[%clk 1:20:39]} Nxe4
{[%clk 1:25:12]} 12. Bxe4 {[%clk 1:20:55]} Bxg3 {[%clk 1:25:02]} 13. hxg3
{[%clk 1:21:07]} Nf6 {[%clk 1:25:23]} 14. Qe2 {[%clk 1:19:25]} h6
{[%clk 1:25:25]} 15. Ne5 {[%clk 1:03:14]} Nxe4 {[%clk 1:23:16]} 16. Qxe4
{[%clk 1:03:35]} Rd8 {[%clk 1:23:38]} 17. O-O {[%clk 1:00:59]} Bd7
{[%clk 1:22:45]} 18. Rfd1 {[%clk 0:51:38]} Be8 {[%clk 1:17:05]} 19. Nd3
{[%clk 0:41:23]} Qb6 {[%clk 1:06:13]} 20. Qb4 {[%clk 0:38:49]} Qxb4
{[%clk 0:56:51]} 21. Nxb4 {[%clk 0:38:54]} Bb5 {[%clk 0:56:44]} 22. Rac1
{[%clk 0:34:33]} Be2 {[%clk 0:54:16]} 23. Re1 {[%clk 0:33:21]} Bh5
{[%clk 0:53:54]} 24. f3 {[%clk 0:29:49]} Rd2 {[%clk 0:47:55]} 25. Rc2
{[%clk 0:16:24]} Rad8 {[%clk 0:48:08]} 26. Rxd2 {[%clk 0:14:15]} Rxd2
{[%clk 0:48:33]} 27. Re5 {[%clk 0:14:37]} Bg6 {[%clk 0:48:18]} 28. Ra5
{[%clk 0:12:23]} a6 {[%clk 0:45:56]} 29. b3 {[%clk 0:12:40]} Bb1 {[%clk 0:39:41]}
30. c4 {[%clk 0:06:18]} g5 {[%clk 0:34:01]} 31. c5 {[%clk 0:05:08]} Kg7
{[%clk 0:34:09]} 32. a3 {[%clk 0:03:45]} Kf6 {[%clk 0:20:03]} 33. c6
{[%clk 0:03:35]} bxc6 {[%clk 0:20:29]} 34. Nxa6 {[%clk 0:01:03]} g4
{[%clk 0:20:04]} 35. Nc5 {[%clk 0:00:51]} Rd1+ {[%clk 0:17:54]} 36. Kf2
{[%clk 0:01:20]} Rd2+ {[%clk 0:18:16]} 37. Kg1 {[%clk 0:01:49]} Rd1+
{[%clk 0:18:41]} 38. Kf2 {[%clk 0:02:10]} Rd2+ {[%clk 0:19:00]} 1/2-1/2

[Event "World Chess Olympiad 2018"]
[Site "Batumi"]
[Date "2018.09.25"]
[Round "2"]
[Board "2"]
[WhiteFideId "1226380"]
[White "Deac Bogdan-Daniel"]
[BlackFideId "5201322"]
[Black "Paciencia Enrique"]
[Result "1-0"]
[LiveChessVersion "1.4.8"]
[BlackElo "2335"]
[WhiteElo "2594"]

1. e4 {[%clk 1:30:50]} e5 {[%clk 1:30:11]} 2. Nf3 {[%clk 1:31:18]} Nc6
{[%clk 1:30:24]} 3. Bb5 {[%clk 1:30:22]} a6 {[%clk 1:30:04]} 4. Ba4
{[%clk 1:30:50]} Nf6 {[%clk 1:30:10]} 5. O-O {[%clk 1:31:17]} Be7
{[%clk 1:30:01]} 6. d3 {[%clk 1:31:41]} d6 {[%clk 1:29:09]} 7. c3
{[%clk 1:32:01]} O-O {[%clk 1:28:02]} 8. Re1 {[%clk 1:31:00]} Re8
{[%clk 1:25:29]} 9. Nbd2 {[%clk 1:30:44]} Bf8 {[%clk 1:24:19]} 10. Bxc6
{[%clk 1:26:08]} bxc6 {[%clk 1:24:40]} 11. b4 {[%clk 1:26:37]} g6
{[%clk 1:18:41]} 12. Nb3 {[%clk 1:26:24]} Bg7 {[%clk 1:17:36]} 13. Bg5
{[%clk 1:23:14]} h6 {[%clk 1:13:47]} 14. Bxf6 {[%clk 1:14:12]} Qxf6
{[%clk 1:12:42]} 15. Na5 {[%clk 1:14:24]} Bd7 {[%clk 1:10:59]} 16. Qc2
{[%clk 1:09:33]} Rad8 {[%clk 0:57:26]} 17. Re3 {[%clk 1:08:31]} h5
{[%clk 0:57:04]} 18. d4 {[%clk 1:08:25]} Qe7 {[%clk 0:52:11]} 19. Rae1
{[%clk 1:02:24]} Rb8 {[%clk 0:50:41]} 20. a3 {[%clk 1:01:31]} Rb5
{[%clk 0:40:30]} 21. dxe5 {[%clk 0:52:01]} dxe5 {[%clk 0:38:56]} 22. Nb3
{[%clk 0:51:14]} Be6 {[%clk 0:38:11]} 23. c4 {[%clk 0:49:05]} Rbb8
{[%clk 0:38:11]} 24. Na5 {[%clk 0:39:59]} Bd7 {[%clk 0:34:08]} 25. Rd1
{[%clk 0:40:07]} c5 {[%clk 0:31:49]} 26. Red3 {[%clk 0:40:15]} Bg4
{[%clk 0:22:30]} 27. Nc6 {[%clk 0:40:36]} Qf8 {[%clk 0:21:30]} 28. Nxb8
{[%clk 0:39:04]} Rxb8 {[%clk 0:21:54]} 29. b5 {[%clk 0:38:23]} Bf6
{[%clk 0:17:35]} 30. a4 {[%clk 0:37:28]} Be6 {[%clk 0:16:34]} 31. Nd2
{[%clk 0:34:55]} Be7 {[%clk 0:16:26]} 32. Nf1 {[%clk 0:34:04]} f5
{[%clk 0:14:57]} 33. Ne3 {[%clk 0:33:19]} fxe4 {[%clk 0:13:51]} 34. R3d2
{[%clk 0:33:34]} Bf5 {[%clk 0:12:29]} 35. bxa6 {[%clk 0:31:58]} Bd6
{[%clk 0:10:44]} 36. a5 {[%clk 0:30:02]} Ra8 {[%clk 0:10:21]} 37. Ra1
{[%clk 0:30:21]} Rxa6 {[%clk 0:10:32]} 38. Qb1 {[%clk 0:30:47]} Qa8
{[%clk 0:09:06]} 39. Rb2 {[%clk 0:31:08]} Qc6 {[%clk 0:07:32]} 40. Rb8+
{[%clk 1:00:23]} Kf7 {[%clk 0:37:49]} 41. Nxf5 {[%clk 0:56:48]} gxf5
{[%clk 0:38:11]} 42. Qb5 {[%clk 0:57:16]} Qxb5 {[%clk 0:37:43]} 43. cxb5
{[%clk 0:57:43]} Ra7 {[%clk 0:37:59]} 44. a6 {[%clk 0:58:07]} 1-0

[Event "World Chess Olympiad 2018"]
[Site "Batumi"]
[Date "2018.09.25"]
[Round "2"]
[Board "1"]
[WhiteFideId "15200540"]
[White "Beukes Dante M"]
[BlackFideId "22600078"]
[Black "Barcon Harmon"]
[Result "1-0"]
[LiveChessVersion "1.4.8"]
[BlackElo "1896"]
[WhiteElo "2155"]

1. e4 {[%clk 1:30:55]} e5 {[%clk 1:30:54]} 2. Nf3 {[%clk 1:31:22]} d6
{[%clk 1:31:20]} 3. d4 {[%clk 1:31:48]} exd4 {[%clk 1:31:32]} 4. Qxd4
{[%clk 1:32:04]} Nf6 {[%clk 1:31:44]} 5. Nc3 {[%clk 1:32:29]} a6 {[%clk 1:31:45]}
6. Bf4 {[%clk 1:30:13]} Nc6 {[%clk 1:31:40]} 7. Qd2 {[%clk 1:29:26]} Bg4
{[%clk 1:30:16]} 8. Nd4 {[%clk 1:24:42]} Nxd4 {[%clk 1:26:11]} 9. Qxd4
{[%clk 1:24:55]} c5 {[%clk 1:23:50]} 10. Qe3 {[%clk 1:18:45]} Be7
{[%clk 1:20:17]} 11. f3 {[%clk 1:15:19]} Be6 {[%clk 1:19:14]} 12. O-O-O
{[%clk 1:03:35]} Nh5 13. Bxd6 Bg5 {[%clk 1:17:49]} 14. f4 {[%clk 1:03:40]} Qxd6
{[%clk 1:18:17]} 15. fxg5 {[%clk 1:03:53]} Qf4 {[%clk 1:10:05]} 16. Qxf4
{[%clk 1:00:32]} Nxf4 {[%clk 1:10:15]} 17. Nd5 {[%clk 1:00:38]} Bxd5
{[%clk 1:04:07]} 18. exd5 {[%clk 1:00:58]} O-O-O {[%clk 1:03:03]} 19. c4
{[%clk 0:57:04]} Rhe8 {[%clk 1:03:28]} 20. g3 {[%clk 0:53:11]} Ne2+
{[%clk 1:03:41]} 21. Bxe2 {[%clk 0:52:42]} Rxe2 {[%clk 1:03:57]} 22. Rde1
{[%clk 0:49:24]} Rde8 {[%clk 1:02:22]} 23. Kd1 {[%clk 0:48:16]} R2e4
{[%clk 1:02:34]} 24. b3 {[%clk 0:42:48]} b5 {[%clk 0:55:41]} 25. Kd2
{[%clk 0:40:17]} bxc4 {[%clk 0:52:47]} 26. bxc4 {[%clk 0:39:56]} Kd7
{[%clk 0:52:57]} 27. Rxe4 {[%clk 0:38:50]} Rxe4 {[%clk 0:53:16]} 28. Kd3
{[%clk 0:39:07]} Rd4+ {[%clk 0:53:04]} 29. Kc3 {[%clk 0:39:23]} Re4
{[%clk 0:52:39]} 30. Rb1 {[%clk 0:38:11]} Kc7 {[%clk 0:50:38]} 31. Rf1
{[%clk 0:36:20]} Re3+ {[%clk 0:49:18]} 32. Kd2 {[%clk 0:34:11]} Re7
{[%clk 0:49:42]} 33. Re1 {[%clk 0:33:34]} Rd7 {[%clk 0:49:58]} 34. Re8
{[%clk 0:33:03]} h5 {[%clk 0:40:55]} 35. Kd3 {[%clk 0:30:28]} Kb7
{[%clk 0:34:53]} 36. Ke4 {[%clk 0:29:22]} Kc7 {[%clk 0:35:07]} 37. Ke5
{[%clk 0:28:53]} a5 {[%clk 0:34:13]} 38. d6+ {[%clk 0:27:42]} Rxd6
{[%clk 0:26:35]} 39. Rc8+ {[%clk 0:28:00]} 1-0

[Event "World Chess Olympiad 2018"]
[Site "Batumi"]
[Date "2018.09.25"]
[Round "2"]
[Board "3"]
[WhiteFideId "15200051"]
[White "Eichab Charles"]
[BlackFideId "22600094"]
[Black "Thomas Saah"]
[Result "1-0"]
[LiveChessVersion "1.4.8"]
[BlackElo "1791"]
[WhiteElo "2016"]

1. c4 {[%clk 1:30:43]} c5 {[%clk 1:30:47]} 2. g3 {[%clk 1:30:57]} e5
{[%clk 1:30:55]} 3. Bg2 {[%clk 1:30:54]} Ne7 {[%clk 1:31:05]} 4. Nc3
{[%clk 1:31:07]} d6 {[%clk 1:31:17]} 5. d3 {[%clk 1:30:41]} h6 {[%clk 1:31:20]}
6. e4 {[%clk 1:21:49]} g6 {[%clk 1:31:40]} 7. Nge2 {[%clk 1:20:10]} Bg7
{[%clk 1:31:39]} 8. O-O {[%clk 1:20:30]} Nbc6 {[%clk 1:31:53]} 9. f4
{[%clk 1:14:02]} O-O {[%clk 1:31:17]} 10. Nd5 {[%clk 1:10:52]} Nxd5
{[%clk 1:30:59]} 11. cxd5 {[%clk 1:08:46]} Ne7 {[%clk 1:30:52]} 12. fxe5
{[%clk 1:04:37]} dxe5 {[%clk 1:31:06]} 13. Be3 {[%clk 1:04:30]} b6
{[%clk 1:31:35]} 14. Qd2 {[%clk 1:04:13]} Kh7 {[%clk 1:31:50]} 15. b4
{[%clk 1:01:48]} cxb4 {[%clk 1:31:32]} 16. Qxb4 {[%clk 0:59:26]} Bg4
{[%clk 1:31:59]} 17. Rf2 {[%clk 0:55:58]} Rc8 {[%clk 1:31:20]} 18. Nc3
{[%clk 0:46:53]} Qd7 {[%clk 1:28:47]} 19. Raf1 {[%clk 0:42:56]} f6
{[%clk 1:27:57]} 20. Nb5 {[%clk 0:35:08]} g5 {[%clk 1:26:02]} 21. a4
{[%clk 0:27:53]} h5 {[%clk 1:23:11]} 22. Nd6 {[%clk 0:22:59]} Rcd8
{[%clk 1:22:40]} 23. Nc4 {[%clk 0:22:40]} Kg6 {[%clk 1:22:21]} 24. h3
{[%clk 0:19:48]} h4 {[%clk 1:19:50]} 25. hxg4 {[%clk 0:14:28]} hxg3
{[%clk 1:18:24]} 26. Rf3 {[%clk 0:12:51]} Qxg4 {[%clk 1:16:32]} 27. Qe1
{[%clk 0:11:33]} Qd7 {[%clk 1:15:06]} 28. Qxg3 {[%clk 0:11:33]} Qxa4
{[%clk 1:08:05]} 29. Nxe5+ {[%clk 0:09:23]} Kh7 {[%clk 1:06:56]} 30. Qh3+
{[%clk 0:09:12]} Kg8 {[%clk 1:05:13]} 31. Qe6+ {[%clk 0:09:27]} Kh7
{[%clk 1:05:23]} 32. Rh3+ {[%clk 0:09:44]} Bh6 {[%clk 1:05:13]} 33. Qxe7+
{[%clk 0:09:38]} Kg8 {[%clk 1:05:40]} 34. Rxh6 {[%clk 0:09:49]} 1-0

[Event "World Chess Olympiad 2018"]
[Site "Batumi"]
[Date "2018.09.25"]
[Round "2"]
[Board "1"]
[WhiteFideId "12600083"]
[White "Hasford John Kojo"]
[BlackFideId "7000812"]
[Black "Kojima Shinya"]
[Result "0-1"]
[LiveChessVersion "1.4.8"]
[BlackElo "2408"]
[WhiteElo "2042"]

1. d4 {[%clk 1:30:56]} d5 {[%clk 1:30:42]} 2. Nf3 {[%clk 1:31:13]} Nf6
{[%clk 1:31:06]} 3. c4 {[%clk 1:31:24]} c6 {[%clk 1:31:33]} 4. Nc3
{[%clk 1:31:28]} a6 {[%clk 1:31:58]} 5. cxd5 {[%clk 1:30:14]} cxd5
{[%clk 1:32:23]} 6. e3 {[%clk 1:30:16]} Nc6 {[%clk 1:31:45]} 7. Bd3
{[%clk 1:30:06]} Bg4 {[%clk 1:30:43]} 8. Be2 {[%clk 1:28:19]} e6 {[%clk 1:30:28]}
9. h3 {[%clk 1:28:21]} Bh5 {[%clk 1:29:58]} 10. O-O {[%clk 1:27:50]} Bd6
{[%clk 1:28:34]} 11. a3 {[%clk 1:26:17]} Rc8 {[%clk 1:26:08]} 12. Bd2
{[%clk 1:25:48]} O-O {[%clk 1:25:49]} 13. Ng5 {[%clk 1:24:59]} Bg6
{[%clk 1:17:40]} 14. f4 {[%clk 1:25:03]} Na5 {[%clk 1:15:37]} 15. b3
{[%clk 1:20:47]} Qe7 {[%clk 1:14:43]} 16. b4 {[%clk 1:19:33]} Nc4
{[%clk 1:10:07]} 17. Bxc4 {[%clk 1:18:30]} Rxc4 {[%clk 1:10:19]} 18. Qa4
{[%clk 1:15:46]} Rfc8 {[%clk 1:07:12]} 19. Rfc1 {[%clk 1:15:45]} Nd7
{[%clk 1:03:56]} 20. Nf3 {[%clk 1:14:39]} Nb6 {[%clk 1:02:27]} 21. Qd1
{[%clk 1:13:23]} h6 {[%clk 0:59:28]} 22. Ne5 {[%clk 1:12:17]} Bxe5
{[%clk 0:59:28]} 23. fxe5 {[%clk 1:11:58]} R4c7 {[%clk 0:58:31]} 24. Na4
{[%clk 1:08:43]} Nxa4 {[%clk 0:55:54]} 25. Qxa4 {[%clk 1:07:02]} Rc2
{[%clk 0:55:05]} 26. Rxc2 {[%clk 1:06:12]} Rxc2 {[%clk 0:55:27]} 27. Rd1
{[%clk 1:05:33]} Be4 {[%clk 0:55:04]} 28. g3 {[%clk 1:04:10]} Qg5
{[%clk 0:54:34]} 29. g4 {[%clk 1:01:50]} Rxd2 {[%clk 0:52:39]} 30. Rxd2
{[%clk 0:54:55]} Qxe3+ {[%clk 0:53:02]} 31. Kf1 {[%clk 0:53:27]} Qxd2 0-1

[Event "World Chess Olympiad 2018"]
[Site "Batumi"]
[Date "2018.09.25"]
[Round "2"]
[Board "2"]
[WhiteFideId "7000634"]
[White "Nanjo Ryosuke"]
[BlackFideId "12600148"]
[Black "Anquandah Francis Eric"]
[Result "1-0"]
[LiveChessVersion "1.4.8"]
[BlackElo "1992"]
[WhiteElo "2324"]

1. e4 {[%clk 1:30:57]} d5 {[%clk 1:30:51]} 2. exd5 {[%clk 1:31:22]} Qxd5
{[%clk 1:31:10]} 3. Nf3 {[%clk 1:31:50]} Bf5 {[%clk 1:30:50]} 4. Be2
{[%clk 1:31:53]} e6 {[%clk 1:31:12]} 5. d4 {[%clk 1:31:18]} Nf6 {[%clk 1:31:24]}
6. O-O {[%clk 1:31:42]} c6 {[%clk 1:31:32]} 7. c4 {[%clk 1:31:28]} Qd8
{[%clk 1:30:53]} 8. Nc3 {[%clk 1:30:51]} Bd6 {[%clk 1:30:45]} 9. Qb3
{[%clk 1:27:49]} Qb6 {[%clk 1:27:32]} 10. c5 {[%clk 1:27:28]} Qxb3
{[%clk 1:27:33]} 11. axb3 {[%clk 1:27:55]} Bc7 {[%clk 1:27:20]} 12. b4
{[%clk 1:28:15]} Nbd7 {[%clk 1:26:57]} 13. b5 {[%clk 1:27:00]} O-O
{[%clk 1:26:44]} 14. Re1 {[%clk 1:26:05]} Rfd8 {[%clk 1:24:21]} 15. Bg5
{[%clk 1:23:07]} h6 {[%clk 1:23:15]} 16. Bh4 {[%clk 1:23:32]} g5 {[%clk 1:20:58]}
17. Bg3 {[%clk 1:23:50]} Bxg3 {[%clk 1:21:12]} 18. hxg3 {[%clk 1:24:16]} Ne4
{[%clk 1:15:27]} 19. bxc6 {[%clk 1:21:16]} bxc6 {[%clk 1:14:13]} 20. Ra6
{[%clk 1:18:19]} g4 {[%clk 1:06:04]} 21. Nh4 {[%clk 1:16:08]} Nb8
{[%clk 1:04:23]} 22. Ra4 {[%clk 1:16:18]} Nxc3 {[%clk 0:55:59]} 23. bxc3
{[%clk 1:16:43]} Rd7 {[%clk 0:56:00]} 24. Nxf5 {[%clk 1:15:42]} exf5
{[%clk 0:56:13]} 25. Bd3 {[%clk 1:16:04]} a5 {[%clk 0:52:55]} 26. Bxf5
{[%clk 1:07:00]} Rb7 {[%clk 0:53:09]} 27. Bxg4 {[%clk 1:06:52]} Rb3
{[%clk 0:53:12]} 28. Re8+ {[%clk 0:40:14]} Kg7 {[%clk 0:53:24]} 29. Bf3
{[%clk 0:40:34]} Ra7 {[%clk 0:53:04]} 30. Kf1 {[%clk 0:38:16]} Rab7
{[%clk 0:50:44]} 31. Re3 {[%clk 0:33:35]} Rb1+ {[%clk 0:47:08]} 32. Ke2
{[%clk 0:33:51]} R7b2+ {[%clk 0:47:22]} 33. Kd3 {[%clk 0:34:14]} Rxf2
{[%clk 0:46:57]} 34. Rxa5 {[%clk 0:34:35]} Nd7 {[%clk 0:46:24]} 35. Bxc6
{[%clk 0:34:41]} Nf6 {[%clk 0:46:35]} 36. Bf3 {[%clk 0:34:24]} h5
{[%clk 0:46:11]} 37. Ra8 {[%clk 0:33:16]} Ng4 {[%clk 0:46:22]} 38. c6
{[%clk 0:33:10]} Nxe3 {[%clk 0:46:23]} 39. c7 {[%clk 0:32:56]} Nxg2
{[%clk 0:46:41]} 40. Bxg2 {[%clk 1:02:29]} Rxg2 {[%clk 1:17:01]} 41. c8=Q
{[%clk 1:02:39]} Rxg3+ {[%clk 1:17:17]} 42. Kc2 {[%clk 1:02:47]} Rbg1
{[%clk 1:17:17]} 43. Qh8+ {[%clk 1:03:11]} Kg6 {[%clk 1:17:02]} 44. Rg8+
{[%clk 1:03:35]} 1-0

[Event "World Chess Olympiad 2018"]
[Site "Batumi"]
[Date "2018.09.25"]
[Round "2"]
[Board "3"]
[WhiteFideId "12600784"]
[White "Ajavon Anthony Obieni"]
[BlackFideId "7000936"]
[Black "Yamada Kohei"]
[Result "0-1"]
[LiveChessVersion "1.4.8"]
[BlackElo "2128"]
[WhiteElo "1902"]

1. d4 {[%clk 1:30:59]} Nf6 {[%clk 1:30:55]} 2. c4 {[%clk 1:30:59]} g6
{[%clk 1:31:20]} 3. Nc3 {[%clk 1:30:35]} d5 {[%clk 1:31:44]} 4. Nf3
{[%clk 1:25:33]} Bg7 {[%clk 1:32:01]} 5. Bf4 {[%clk 1:22:54]} O-O
{[%clk 1:32:04]} 6. e3 {[%clk 1:19:55]} c5 {[%clk 1:30:29]} 7. Be2
{[%clk 1:12:19]} cxd4 {[%clk 1:26:45]} 8. exd4 {[%clk 1:10:27]} Nc6
{[%clk 1:25:51]} 9. h3 {[%clk 1:06:56]} dxc4 {[%clk 1:08:38]} 10. Bxc4
{[%clk 1:02:28]} Qb6 {[%clk 1:06:02]} 11. Qd2 {[%clk 1:00:10]} Bf5
{[%clk 1:01:23]} 12. O-O {[%clk 0:55:52]} Rad8 {[%clk 0:49:48]} 13. Rad1
{[%clk 0:48:45]} Qb4 {[%clk 0:36:01]} 14. Qe2 {[%clk 0:46:29]} Na5
{[%clk 0:33:43]} 15. Bd3 {[%clk 0:39:51]} Bxd3 {[%clk 0:33:46]} 16. Rxd3
{[%clk 0:40:17]} Nc6 {[%clk 0:33:51]} 17. Rfd1 {[%clk 0:33:53]} Nd5
{[%clk 0:31:58]} 18. Nxd5 {[%clk 0:25:48]} Rxd5 {[%clk 0:32:21]} 19. Rb3
{[%clk 0:25:09]} Qa4 {[%clk 0:29:49]} 20. Rxb7 {[%clk 0:22:46]} Qxa2
{[%clk 0:29:17]} 21. Rc7 {[%clk 0:17:51]} Nxd4 {[%clk 0:23:08]} 22. Nxd4
{[%clk 0:16:35]} e5 {[%clk 0:18:43]} 23. Rc3 {[%clk 0:09:28]} Qa4
{[%clk 0:12:30]} 24. Ra3 {[%clk 0:05:23]} Qd7 {[%clk 0:09:18]} 25. Rda1
{[%clk 0:04:45]} Ra8 {[%clk 0:04:48]} 26. Qf3 {[%clk 0:02:33]} exf4
{[%clk 0:04:24]} 27. Ra5 {[%clk 0:02:41]} Rd8 {[%clk 0:03:54]} 28. Rxa7
{[%clk 0:03:09]} Qd6 {[%clk 0:03:52]} 29. R1a6 {[%clk 0:02:55]} Qc5
{[%clk 0:01:31]} 30. Nc6 {[%clk 0:01:39]} Rd1+ {[%clk 0:01:18]} 31. Kh2
{[%clk 0:02:07]} Qc1 {[%clk 0:01:32]} 32. g3 {[%clk 0:01:49]} fxg3+
{[%clk 0:01:45]} 33. Kxg3 {[%clk 0:01:44]} Qg5+ {[%clk 0:01:56]} 0-1

[Event "World Chess Olympiad 2018"]
[Site "Batumi"]
[Date "2018.09.25"]
[Round "2"]
[Board "4"]
[WhiteFideId "7000197"]
[White "Matsuo Tomohiko"]
[BlackFideId "12600750"]
[Black "Adu Jnr Lionel"]
[Result "1-0"]
[LiveChessVersion "1.4.8"]
[BlackElo "1896"]
[WhiteElo "2170"]

1. e4 {[%clk 1:30:56]} c6 {[%clk 1:30:48]} 2. d4 {[%clk 1:31:16]} d5
{[%clk 1:31:13]} 3. Nd2 {[%clk 1:31:37]} g6 {[%clk 1:31:05]} 4. Ngf3
{[%clk 1:31:44]} Bg4 {[%clk 1:30:24]} 5. e5 {[%clk 1:31:26]} Bg7 {[%clk 1:30:46]}
6. h3 {[%clk 1:31:21]} Bxf3 {[%clk 1:31:13]} 7. Nxf3 {[%clk 1:31:41]} e6
{[%clk 1:31:18]} 8. Bd3 {[%clk 1:31:49]} c5 {[%clk 1:30:34]} 9. dxc5
{[%clk 1:28:43]} Qa5+ {[%clk 1:29:24]} 10. c3 {[%clk 1:27:53]} Qxc5
{[%clk 1:29:27]} 11. O-O {[%clk 1:28:05]} Ne7 {[%clk 1:29:32]} 12. Re1
{[%clk 1:23:06]} O-O {[%clk 1:29:21]} 13. Bf4 {[%clk 1:21:33]} Nd7
{[%clk 1:28:49]} 14. Rc1 {[%clk 1:12:36]} a6 {[%clk 1:07:08]} 15. b4
{[%clk 0:59:38]} Qb6 {[%clk 1:02:59]} 16. Qd2 {[%clk 0:43:09]} Nc6
{[%clk 1:02:36]} 17. a4 {[%clk 0:40:27]} Qc7 {[%clk 0:40:42]} 18. Qe2
{[%clk 0:33:55]} Rac8 {[%clk 0:36:07]} 19. a5 {[%clk 0:31:49]} h6
{[%clk 0:34:26]} 20. Qe3 {[%clk 0:29:16]} g5 {[%clk 0:28:01]} 21. Bg3
{[%clk 0:27:53]} Qb8 {[%clk 0:26:43]} 22. Bb1 {[%clk 0:27:02]} Qa7
{[%clk 0:26:23]} 23. Qd3 {[%clk 0:26:44]} Rfe8 {[%clk 0:24:33]} 24. Qh7+
{[%clk 0:14:54]} Kf8 {[%clk 0:24:51]} 25. Bc2 {[%clk 0:14:14]} b6
{[%clk 0:17:32]} 26. axb6 {[%clk 0:13:49]} Nxb6 {[%clk 0:17:26]} 27. h4
{[%clk 0:13:15]} Nc4 {[%clk 0:10:47]} 28. hxg5 {[%clk 0:11:58]} hxg5
{[%clk 0:11:09]} 29. Ba4 {[%clk 0:09:56]} g4 {[%clk 0:07:04]} 30. Nh2
{[%clk 0:08:08]} N4xe5 {[%clk 0:03:59]} 31. Bxc6 {[%clk 0:07:45]} Nxc6
{[%clk 0:03:33]} 32. Bd6+ {[%clk 0:08:09]} Ne7 {[%clk 0:03:29]} 33. Nxg4
{[%clk 0:08:24]} Qd7 {[%clk 0:01:41]} 34. Be5 {[%clk 0:07:47]} Nf5
{[%clk 0:01:20]} 35. Bxg7+ {[%clk 0:07:26]} Nxg7 {[%clk 0:01:12]} 36. Qh8+
{[%clk 0:07:13]} Ke7 {[%clk 0:00:54]} 37. Qxg7 {[%clk 0:07:38]} Rg8
{[%clk 0:01:07]} 38. Qf6+ {[%clk 0:07:57]} Kd6 {[%clk 0:01:08]} 39. Qe5+
{[%clk 0:07:11]} Kc6 {[%clk 0:00:44]} 40. Nf6 {[%clk 0:37:25]} 1-0

[Event "World Chess Olympiad 2018"]
[Site "Batumi"]
[Date "2018.09.25"]
[Round "2"]
[Board "1"]
[WhiteFideId "14800098"]
[White "Paiva Donaldo"]
[BlackFideId "19600054"]
[Black "Hemam Moulaye Brahim"]
[Result "1-0"]
[LiveChessVersion "1.4.8"]
[BlackElo "2018"]
[WhiteElo "2206"]

1. Nf3 {[%clk 1:30:56]} Nf6 {[%clk 1:30:46]} 2. g3 {[%clk 1:31:14]} g6
{[%clk 1:31:11]} 3. b3 {[%clk 1:31:40]} Bg7 {[%clk 1:31:34]} 4. Bb2
{[%clk 1:32:05]} d6 {[%clk 1:31:35]} 5. d4 {[%clk 1:32:29]} O-O {[%clk 1:31:44]}
6. Bg2 {[%clk 1:32:54]} Nc6 {[%clk 1:31:31]} 7. d5 {[%clk 1:30:08]} Nb8
{[%clk 1:31:46]} 8. c4 {[%clk 1:28:36]} c6 {[%clk 1:31:56]} 9. dxc6
{[%clk 1:26:55]} Nxc6 {[%clk 1:31:11]} 10. O-O {[%clk 1:27:18]} Bg4
{[%clk 1:26:33]} 11. h3 {[%clk 1:27:00]} Bf5 {[%clk 1:23:26]} 12. Nbd2
{[%clk 1:25:44]} Ne4 {[%clk 1:13:32]} 13. Bxg7 {[%clk 1:25:04]} Kxg7
{[%clk 1:13:53]} 14. Nh4 {[%clk 1:24:22]} Nxd2 {[%clk 1:11:28]} 15. Nxf5+
{[%clk 1:24:43]} gxf5 {[%clk 1:11:54]} 16. Qxd2 {[%clk 1:24:22]} Kh8
{[%clk 1:03:03]} 17. Rfd1 {[%clk 1:22:33]} Qa5 {[%clk 1:00:34]} 18. Qb2+
{[%clk 1:13:34]} f6 {[%clk 0:57:10]} 19. Rd5 {[%clk 1:13:36]} Qb6
{[%clk 0:57:04]} 20. Rxf5 {[%clk 1:13:11]} Ne5 {[%clk 0:56:50]} 21. Qd2
{[%clk 1:10:35]} e6 {[%clk 0:43:37]} 22. Rf4 {[%clk 1:09:05]} Rad8
{[%clk 0:38:06]} 23. Rd4 {[%clk 1:07:49]} Rg8 {[%clk 0:35:57]} 24. e3
{[%clk 1:08:11]} Nf7 {[%clk 0:35:03]} 25. Rd1 {[%clk 1:08:09]} e5
{[%clk 0:34:53]} 26. Rd5 {[%clk 1:08:26]} f5 {[%clk 0:34:39]} 27. Rb5
{[%clk 1:08:18]} Qxb5 {[%clk 0:21:57]} 28. cxb5 {[%clk 1:08:38]} e4
{[%clk 0:22:20]} 29. Qd4+ {[%clk 1:08:32]} Ne5 {[%clk 0:22:41]} 30. Rc1
{[%clk 1:08:46]} Rg7 {[%clk 0:21:07]} 31. Qxa7 {[%clk 1:08:37]} h5
{[%clk 0:19:53]} 32. Qb6 {[%clk 1:08:49]} Rdd7 {[%clk 0:18:02]} 33. h4
{[%clk 1:09:01]} Kh7 {[%clk 0:16:13]} 34. a4 {[%clk 1:08:37]} d5 {[%clk 0:15:01]}
35. Qf6 {[%clk 1:08:16]} Nd3 {[%clk 0:10:06]} 36. Qxf5+ {[%clk 1:08:38]} Kh6
{[%clk 0:10:19]} 37. Rc8 {[%clk 1:08:58]} 1-0